000 01110cam a22002895a 4500
001 18104913
005 20151019155944.0
008 140407t2014 nyua frbf 001 0 eng d
020 _a9780071840538 (alk. paper)
020 _a0071840532
040 _aDLC
_beng
_cDLC
_dDLC
_dEG-ScBUE
082 0 4 _a658.562
_222
_bPYZ
100 1 _aPyzdek, Thomas.
245 1 4 _aThe six sigma handbook /
_cThomas Pyzdek, Paul Keller.
246 3 4 _aThe six sigma handbook :
_ba complete guide for green belts, black belts, and managers at all levels
250 _a4th ed.
260 _aNew York :
_bMcGraw-Hill Education,
_cc.2014.
300 _axiv, 690 p. :
_bill. ;
_c25 cm.
500 _aIndex : p. 675-690.
504 _aBibliography : p. 667-674.
650 7 _aProduction management
_vHandbooks, manuals, etc.
_2BUEsh
_910053
650 0 _aQuality control
_xStatistical methods
_vHandbooks, manuals, etc.
_2BUEsh
_910054
650 0 _aSix sigma (Quality control standard)
_vHandbooks, manuals, etc.
_2BUEsh
_910052
653 _bBUSADM
_cJune2015
_cOctober2015
700 1 _aKeller, Paul A.
_q(Paul Andrew)
942 _2ddc
999 _c19925
_d19897